| 000 | 00428nam a22001457a 4500 | ||
|---|---|---|---|
| 003 | OSt | ||
| 005 | 20160801141402.0 | ||
| 008 | 160801b xxu||||| |||| 00| 0 eng d | ||
| 020 | _a9781412948302 | ||
| 040 | _cN/A | ||
| 100 | _aDavid Middlewood ... at al | ||
| 245 |
_aLearning and managing extended schools _bensuring Every child matters |
||
| 260 |
_aNew Delhi _bSage publication Asia-Pacific Pte Ltd _c2009 |
||
| 942 |
_2lcc _cBK |
||
| 999 |
_c254893 _d254892 |
||